[Event "Kesan op 14th"]
[Site "Kesan"]
[Date "2016.08.18"]
[Round "7"]
[White "Ozkan, Hakan"]
[Black "Gokbulut, Julia"]
[Result "1/2-1/2"]
[WhiteElo "1874"]
[BlackElo "2038"]
[PlyCount "86"]
[EventDate "2016.08.14"]
[EventType "swiss"]
[EventRounds "9"]
[EventCountry "TUR"]
[SourceTitle "CBM 173 Extra"]
[Source "ChessBase"]
[SourceDate "2016.08.29"]
[SourceVersion "1"]
[SourceVersionDate "2016.08.29"]
[SourceQuality "1"]

1. e4 c5 2. Nc3 a6 3. f4 b5 4. Nf3 Bb7 5. d3 d6 6. Be3 b4 7. Ne2 Nf6 8. h3 Qc7 9. Qd2 e6 10. Rg1 Be7 11. c4 bxc3 12. bxc3 c4 13. Ng3 cxd3 14. Bxd3 Nbd7 15. Rb1 0-0 16. Kf2 d5 17. e5 Ne4+ 18. Bxe4 dxe4 19. Nd4 Bh4 20. Nde2 Bd5 21. Rgd1 Rab8 22. Rxb8 Rxb8 23. Kg1 Nb6 24. Bxb6 Qxb6+ 25. Qd4 f5 26. Qxb6 Rxb6 27. Nxf5 exf5 28. Rxd5 Rb2 29. g3 Rxe2 30. gxh4 Kf7 31. Rd7+ Kf8 32. e6 Rxa2 33. Rf7+ Ke8 34. Rxg7 Rc2 35. Rxh7 Rxc3 36. Rf7 Rxh3 37. Rxf5 Rxh4 38. Rf7 Rh3 39. Kf2 Rf3+ 40. Ke2 a5 41. Ra7 Rxf4 42. Rxa5 Ke7 43. Ke3 Rf6 1/2-1/2